|
|
|
|
| LEADER |
00000nam0a2200000 4500 |
| 001 |
360257 |
| 005 |
20250211063214.0 |
| 035 |
|
|
|a (RuTPU)RU\TPU\retro\17565
|
| 035 |
|
|
|a RU\TPU\retro\17564
|
| 090 |
|
|
|a 360257
|
| 100 |
|
|
|a 20210323d1972 k y0rusy5003 ca
|
| 101 |
0 |
|
|a rus
|
| 102 |
|
|
|a RU
|
| 105 |
|
|
|a y z 001zy
|
| 200 |
1 |
|
|a Электрооборудование промышленных предприятий
|e [тематический сборник]
|f Московский энергетический институт ; под ред. М. Г. Чиликина
|
| 210 |
|
|
|a Москва
|c Изд-во МЭИ
|d 1972
|
| 215 |
|
|
|a 174 с.
|c табл., ил.
|
| 225 |
1 |
|
|a Труды Московского энергетического института (МЭИ)
|v Вып. 149
|
| 320 |
|
|
|a Библиогр.: с.
|
| 500 |
1 |
0 |
|a Труды Московского энергетического института
|9 88841
|
| 606 |
1 |
|
|a Промышленные предприятия
|x Электрооборудование
|2 stltpush
|3 (RuTPU)RU\TPU\subj\52738
|9 71141
|
| 610 |
1 |
|
|a электроприводы с шаговыми двигателями
|
| 610 |
1 |
|
|a дискретный электропривод
|
| 610 |
1 |
|
|a динамические модели
|
| 610 |
1 |
|
|a задачи проектирования
|
| 610 |
1 |
|
|a индуктивно-емкостные преобразователи
|
| 610 |
1 |
|
|a холоднокатаный прокат
|
| 610 |
1 |
|
|a автоматическое управление
|
| 610 |
1 |
|
|a регуляторы ЭДС
|
| 610 |
1 |
|
|a форсировка
|
| 610 |
1 |
|
|a динамические режимы
|
| 610 |
1 |
|
|a расчеты
|
| 610 |
1 |
|
|a экскаваторы
|
| 610 |
1 |
|
|a анализ
|
| 610 |
1 |
|
|a электроприводы
|
| 610 |
1 |
|
|a вентильные электродвигатели
|
| 610 |
1 |
|
|a кибернетические системы
|
| 610 |
1 |
|
|a массовое производство
|
| 610 |
1 |
|
|a шлифовка
|
| 610 |
1 |
|
|a детали машин
|
| 610 |
1 |
|
|a лифтовые кабины
|
| 610 |
1 |
|
|a асинхронные электродвигатели
|
| 610 |
1 |
|
|a синхронные электродвигатели
|
| 675 |
|
|
|a 658.26:621.31
|v 3
|
| 702 |
|
1 |
|a Чиликин
|b М. Г.
|4 340
|
| 712 |
0 |
2 |
|a Московский энергетический институт
|c (1930-1992)
|3 (RuTPU)RU\TPU\col\20092
|9 27693
|
| 801 |
|
0 |
|a RU
|b 63413507
|c 19950704
|g psbo
|
| 801 |
|
1 |
|a RU
|b 63413507
|c 20060118
|g PSBO
|
| 801 |
|
2 |
|a RU
|b 63413507
|c 20210413
|g PSBO
|
| 942 |
|
|
|c BK
|